Central Library OPAC University of Rajshahi

Business and developing countries : (Record no. 45615)

MARC details
000 -LEADER
fixed length control field 01000cam a2200277 4500
001 - CONTROL NUMBER
control field 45615
003 - CONTROL NUMBER IDENTIFIER
rucl marc code BD-RjUL
005 - DATE AND TIME OF LATEST TRANSACTION
control field 20211209054037.0
008 - FIXED-LENGTH DATA ELEMENTS--GENERAL INFORMATION
fixed length control field 160727s1973 nyua bs 00100 eng
035 ## - SYSTEM CONTROL NUMBER
System control number (BD-RjUL)45733
System control number 1870081
040 ## - CATALOGING SOURCE
Original cataloging agency ANL
Language of cataloging eng
Modifying agency ANL
Transcribing agency BD-RjUL
041 ## - LANGUAGE CODE
Language code of text/sound track or separate title eng
082 0# - DEWEY DECIMAL CLASSIFICATION NUMBER
Classification number 338.091724
Author mark and year BUS 1973
245 00 - TITLE STATEMENT
Title Business and developing countries :
Remainder of title a study of the role of private enterprise in economic development /
260 ## - PUBLICATION, DISTRIBUTION, ETC. (IMPRINT)
Place of publication, distribution, etc. [New York] :
Name of publisher, distributor, etc. Praeger Publishers,
Date of publication, distribution, etc. [1973]
300 ## - PHYSICAL DESCRIPTION
Pagination 121 p. :
Illustrations ill. ;
Size 22 cm.
490 0# - SERIES STATEMENT
Series statement Praeger special studies in U.S. economic and social development
504 ## - BIBLIOGRAPHY, ETC. NOTE
Bibliography, etc Bibliography: p. 109-116.
650 #0 - SUBJECT ADDED ENTRY--TOPICAL TERM
Topical term or geographic name as entry element International business enterprises.
9 (RLIN) 139638
Topical term or geographic name as entry element Corporations, Foreign
Geographic subdivision Developing countries.
9 (RLIN) 139639
651 #0 - SUBJECT ADDED ENTRY--GEOGRAPHIC NAME
Geographic name Developing countries
General subdivision Manufactures.
9 (RLIN) 139640
942 ## - ADDED ENTRY ELEMENTS (KOHA)
Source of classification or shelving scheme Dewey Decimal Classification
Koha item type Books
Holdings
Lost status Source of classification or shelving scheme Damaged status Not for loan Collection code Permanent Location Current Location Shelving location Date acquired Source of acquisition Total Checkouts Full call number Date last seen Copy number Koha item type
  Dewey Decimal Classification     Non-fiction Central Library, University of Rajshahi Central Library, University of Rajshahi   06/07/1976 USIS   338.091724 BUS 1973 27/07/2016 C-2 Books
  Dewey Decimal Classification     Non-fiction Central Library, University of Rajshahi Central Library, University of Rajshahi   06/07/1976 USIS   338.091724 BUS 1973 27/07/2016 C-3 Books